Dividendová politika a jej aplikácia v praxi

Dividendová politika ako významná oblasť finančného rozhodovania podniku, akciovej spoločnosti. Úloha dividendovej politiky. Druhy a formy dividend. Projektovanie dividendovej politiky. Vyhlasovanie a výplaty dividend. Rozhodovanie o výške dividend. Dividendové teórie a typy dividendovej politiky.

Na minha lista:
Detalhes bibliográficos
Autor principal: Kráľovič, Jozef
Formato: Capítulo de Livro
Idioma:eslovaco
Assuntos:
Tags: Adicionar Tag
Sem tags, seja o primeiro a adicionar uma tag!

MARC

LEADER 00000naa a2200000 4500
001 r023617
005 20221205114629.4
041 0 |a slo 
044 |a SK 
245 1 0 |a Dividendová politika a jej aplikácia v praxi  |c Jozef Kráľovič 
520 |a Dividendová politika ako významná oblasť finančného rozhodovania podniku, akciovej spoločnosti. Úloha dividendovej politiky. Druhy a formy dividend. Projektovanie dividendovej politiky. Vyhlasovanie a výplaty dividend. Rozhodovanie o výške dividend. Dividendové teórie a typy dividendovej politiky. 
610 2 0 |a politika dividendová 
610 2 0 |a dividendy 
610 2 0 |a hospodárstvo podniku finančné 
610 2 0 |a klasifikácia 
610 2 0 |a pojmy 
610 2 0 |a firmy 
610 2 0 |a výnosy 
610 2 0 |a teórie ekonomické 
610 2 0 |a rozhodovanie finančné 
100 1 |a Kráľovič, Jozef